Govt. of
Madhya Pradesh

ATAL BIHARI VAJPAYEE (Record no. 68470)

MARC details
000 -LEADER
fixed length control field 00285nam a22001217a 4500
020 ## - INTERNATIONAL STANDARD BOOK NUMBER
ISBN MACL
082 ## - DEWEY DECIMAL CLASSIFICATION NUMBER
Classification number 920/SHI
100 ## - MAIN ENTRY--AUTHOR NAME
Personal name Shrivastava Mrinalini
245 ## - TITLE STATEMENT
Title ATAL BIHARI VAJPAYEE
Sub Title Born Patriot
260 ## - PUBLICATION, DISTRIBUTION, ETC. (IMPRINT)
Place of publication NEW DELHI
Name of publisher Manas Pub.
Year of publication 2020
650 ## - SUBJECT ADDED ENTRY--TOPICAL TERM
Topical Term Biography
942 ## - ADDED ENTRY ELEMENTS (KOHA)
Koha item type Books
Holdings
Withdrawn status Lost status Damaged status Not for loan Home library Current library Date acquired Full call number Accession Number Price effective from Koha item type
        MACL MACL 17/12/2025 920/SHI CRE040329 17/12/2025 Books